000 00363 a2200109 4500
020 _a8121924901
082 _a621.3 THE
100 _aTheraja, B. L.
245 _aTextbook of Electrical Technology : transmission,diatribution and utilization [vol. 3]
_cB. L. Theraja
260 _aNew Delhi.
_bS Chand
_c2009
300 _axiv,1570-2016p. :
_bcol. ill. ;
_c25 cm.
650 _aelectrical technology
999 _c278
_d278